[Event "Asia-ch Blitz U20"]
[Site "Jamshedpur"]
[Date "2023.09.15"]
[Round "5"]
[White "Boominathan, Lalitaditaayyanar"]
[Black "Joshi, Aditya Shripad"]
[Result "0-1"]
[WhiteElo "1517"]
[BlackElo "1527"]
[PlyCount "84"]
[EventDate "2023.09.15"]
[EventType "swiss (blitz)"]
[EventRounds "9"]
[EventCountry "IND"]
[SourceTitle "EXT 2024"]
[Source "ChessBase"]
[SourceDate "2023.10.10"]
[SourceVersion "1"]
[SourceVersionDate "2023.10.10"]
[SourceQuality "1"]

1. a3 d6 2. b3 Nf6 3. Bb2 g6 4. g3 Bg7 5. Bg2 0-0 6. Nf3 e5 7. d3 Nc6 8. c4 Nd7 9. Nc3 f5 10. Qd2 Nf6 11. h3 e4 12. dxe4 fxe4 13. Ng5 Na5 14. Qc2 e3 15. fxe3 Nh5 16. Nge4 Bf5 17. Qd1 Bxe4 18. Bxe4 Nxg3 19. Bd5+ Kh8 20. Rg1 Nf5 21. Kd2 Qe7 22. e4 Nd4 23. c5 dxc5 24. e3 Ne6 25. Qg4 Rae8 26. Kc2 Nc6 27. Rad1 Ne5 28. Qg3 Rf3 29. Qg2 c6 30. Bxe6 Qxe6 31. Rgf1 Rxe3 32. Rd2 b5 33. Nd1 Qxb3+ 34. Kc1 Nd3+ 35. Rxd3 Rxd3 36. Qf2 Bxb2+ 37. Nxb2 Qc3+ 38. Kb1 Rd2 39. Qf6+ Qxf6 40. Rxf6 Rxe4 41. Rxc6 Re1+ 42. Ka2 Ree2 0-1

[Event "Asia-ch Blitz U20"]
[Site "Jamshedpur"]
[Date "2023.09.15"]
[Round "8"]
[White "Joshi, Aditya Shripad"]
[Black "Gaikwad, Manas"]
[Result "0-1"]
[WhiteElo "1527"]
[BlackElo "1787"]
[PlyCount "64"]
[EventDate "2023.09.15"]
[EventType "swiss (blitz)"]
[EventRounds "9"]
[EventCountry "IND"]
[SourceTitle "EXT 2024"]
[Source "ChessBase"]
[SourceDate "2023.10.10"]
[SourceVersion "1"]
[SourceVersionDate "2023.10.10"]
[SourceQuality "1"]

1. e4 c5 2. Nf3 e6 3. d4 cxd4 4. Nxd4 a6 5. Nc3 Qc7 6. Be3 Nf6 7. f3 Nc6 8. Be2 b5 9. 0-0 Bd6 10. f4 Nxd4 11. Qxd4 e5 12. Qd2 Bb7 13. Rad1 Bb4 14. Bd3 0-0 15. fxe5 Qxe5 16. Qe2 Bxc3 17. bxc3 Qxc3 18. Bf2 Rfe8 19. Rfe1 Bxe4 20. Bxe4 Rxe4 21. Qd3 Rxe1+ 22. Rxe1 Qxd3 23. cxd3 Rc8 24. Bd4 Nd5 25. Bc5 f6 26. d4 Kf7 27. Kf2 Rc6 28. Re2 d6 29. Ba3 b4 30. Bb2 a5 31. Kg1 a4 32. h3 a3 0-1

[Event "Asia-ch Blitz U20"]
[Site "Jamshedpur"]
[Date "2023.09.15"]
[Round "2"]
[White "Sharnarthi, Viresh"]
[Black "Joshi, Aditya Shripad"]
[Result "1-0"]
[WhiteElo "1825"]
[BlackElo "1527"]
[PlyCount "59"]
[EventDate "2023.09.15"]
[EventType "swiss (blitz)"]
[EventRounds "9"]
[EventCountry "IND"]
[SourceTitle "EXT 2024"]
[Source "ChessBase"]
[SourceDate "2023.10.10"]
[SourceVersion "1"]
[SourceVersionDate "2023.10.10"]
[SourceQuality "1"]

1. b3 Nf6 2. Bb2 d6 3. c4 e5 4. e3 Nbd7 5. d4 exd4 6. exd4 g6 7. Nf3 Bg7 8. Be2 0-0 9. 0-0 d5 10. Re1 c6 11. Nc3 a6 12. Bf1 b5 13. Ne5 Bb7 14. a4 b4 15. Ne2 a5 16. Ng3 Nxe5 17. dxe5 Nd7 18. cxd5 cxd5 19. e6 fxe6 20. Bxg7 Kxg7 21. Rxe6 Kg8 22. Qd4 Nf6 23. Rae1 Rf7 24. h4 Bc8 25. R6e5 Bg4 26. f3 Bh5 27. Bd3 Qd6 28. Nxh5 Nxh5 29. Bc4 Rd8 30. Rxd5 1-0

[Event "Asia-ch U20"]
[Site "Jamshedpur"]
[Date "2023.09.14"]
[Round "8"]
[White "Kumar, Mukesh1111"]
[Black "Joshi, Aditya Shripad"]
[Result "1-0"]
[WhiteElo "1584"]
[BlackElo "1543"]
[PlyCount "61"]
[EventDate "2023.09.09"]
[EventType "swiss"]
[EventRounds "9"]
[EventCountry "IND"]
[SourceTitle "EXT 2024"]
[Source "ChessBase"]
[SourceDate "2023.10.10"]
[SourceVersion "1"]
[SourceVersionDate "2023.10.10"]
[SourceQuality "1"]

1. d4 d6 2. c4 Nf6 3. Nc3 g6 4. e4 Bg7 5. Be2 Nbd7 6. Be3 e5 7. d5 Nc5 8. f3 a5 9. Qd2 Bd7 10. h4 h5 11. Nh3 Bxh3 12. Rxh3 Qd7 13. Rh2 a4 14. g3 b6 15. Bf1 Qe7 16. Bg5 0-0-0 17. Qc2 Qe8 18. b4 axb3 19. axb3 Kb7 20. b4 Na6 21. Qb3 Ra8 22. c5 Nxc5 23. Qd1 Na6 24. Bb5 Nxb4 25. Bxe8 Rhxe8 26. Rb1 Na6 27. Qa4 Nb8 28. Qc4 Nfd7 29. Be3 Nc5 30. Bxc5 dxc5 31. d6 1-0